[Event "Magistral Bicentenario Independencia"]
[Site "Bogota COL"]
[Date "2010.07.15"]
[Round "6.5"]
[White "Becerra Rivero, Julio"]
[Black "Zambrana, Oswaldo"]
[Result "1/2-1/2"]
[WhiteElo "2557"]
[BlackElo "2515"]
[PlyCount "139"]
[EventDate "2010.07.10"]
[EventType "tourn"]
[EventRounds "11"]
[EventCountry "COL"]
[EventCategory "12"]
[Source "lmi"]
[SourceDate "2010.07.10"]

1. e4 c5 2. Nf3 Nc6 3. Bb5 e6 4. O-O Nge7 5. Re1 a6 6. Bxc6 Nxc6 7. d4 cxd4 8.
Nxd4 Qc7 9. Nxc6 Qxc6 10. Nc3 b5 11. a4 b4 12. Nd5 Bc5 13. Bd2 a5 14. Qg4 Kf8
15. Nf4 e5 16. Nd5 d6 17. Qh4 Ra7 18. Be3 Rd7 19. c4 h5 20. b3 f6 21. Rad1 Kf7
22. Rd3 Rdd8 23. f3 g5 24. Qf2 h4 25. Red1 Rd7 26. Kf1 Ke6 27. Ke2 Rhh7 28. Kd2
Ba6 29. Kc1 Bb7 30. Kb2 Bc8 31. R1d2 Rh6 32. g3 hxg3 33. hxg3 Rdh7 34. f4 Rh2
35. Qf3 exf4 36. Bxc5 Qxc5 37. gxf4 Rxd2+ 38. Rxd2 Qg1 39. fxg5 Qxg5 40. Rf2
Rh6 41. Qf5+ Qxf5 42. exf5+ Ke5 43. Re2+ Kd4 44. Ne7 Bb7 45. Rd2+ Ke5 46. Re2+
Be4 47. Nc8 Rh4 48. Rd2 d5 49. Ne7 Rh5 50. cxd5 Kd6 51. Nc8+ Kc7 52. Ne7 Kd6
53. Re2 Bxf5 54. Ng8 Bg4 55. Re8 Rh2+ 56. Kc1 Rh1+ 57. Kb2 Rh2+ 58. Kc1 Rh1+
59. Kb2 Bd1 60. Nxf6 Rh2+ 61. Kc1 Bxb3 62. Re6+ Kc5 63. Rc6+ Kd4 64. d6 Rh1+
65. Kb2 Bxa4 66. d7 Rh2+ 67. Kc1 Rh1+ 68. Kb2 Rh2+ 69. Kc1 Rh1+ 70. Kb2 1/2-1/2

[Event "Magistral Bicentenario Independencia"]
[Site "Bogota COL"]
[Date "2010.07.16"]
[Round "7.2"]
[White "Flores, Diego"]
[Black "Bachmann, Axel"]
[Result "1/2-1/2"]
[WhiteElo "2584"]
[BlackElo "2552"]
[PlyCount "137"]
[EventDate "2010.07.10"]
[EventType "tourn"]
[EventRounds "11"]
[EventCountry "COL"]
[EventCategory "12"]
[Source "lmi"]
[SourceDate "2010.07.10"]

1. d4 d5 2. c4 dxc4 3. Nf3 Nf6 4. e3 e6 5. Bxc4 a6 6. O-O c5 7. dxc5 Bxc5 8.
Qxd8+ Kxd8 9. Nbd2 Nc6 10. Be2 Ke7 11. b3 Rd8 12. Bb2 b6 13. Rfd1 Bb7 14. Ne1
Bb4 15. Nd3 Bxd2 16. Rxd2 Rd7 17. f3 Rad8 18. Rdd1 g6 19. Kf2 Nd5 20. Rac1 f6
21. e4 Nc7 22. g4 e5 23. h4 Ne6 24. g5 Ned4 25. gxf6+ Kxf6 26. Bf1 Ne6 27. Ke3
h6 28. f4 g5 29. hxg5+ hxg5 30. fxe5+ Kg6 31. Be2 Rf7 32. Rf1 Nf4 33. Nxf4+
gxf4+ 34. Rxf4 Rxf4 35. Kxf4 Rd2 36. Bxa6 Rf2+ 37. Ke3 Rxb2 38. Bxb7 Nxe5 39.
Rd1 Kf6 40. Rd2 Rb1 41. Bd5 Ke7 42. Rg2 Kd6 43. Kd4 Rc1 44. Rg8 Nf3+ 45. Ke3
Rc3+ 46. Kf4 Nd4 47. Rg6+ Kc5 48. Ke5 Rd3 49. Rg8 Nf3+ 50. Ke6 Nd4+ 51. Kd7 b5
52. Rc8+ Kb4 53. Kd6 Rh3 54. Rf8 Rh6+ 55. Ke5 Kc3 56. Rf6 Rh2 57. Rg6 Nc2 58.
Rc6+ Kb4 59. Ra6 Kc5 60. a3 Rh5+ 61. Kf4 Kd4 62. a4 Nb4 63. axb5 Nxd5+ 64. exd5
Rxd5 65. b6 Rb5 66. Ra4+ Kc5 67. Rc4+ Kxb6 68. b4 Rd5 69. Ke4 1/2-1/2

[Event "Magistral Bicentenario Independencia"]
[Site "Bogota COL"]
[Date "2010.07.16"]
[Round "7.4"]
[White "Arenas, David"]
[Black "Vescovi, Giovanni"]
[Result "1-0"]
[WhiteElo "2364"]
[BlackElo "2632"]
[PlyCount "87"]
[EventDate "2010.07.10"]
[EventType "tourn"]
[EventRounds "11"]
[EventCountry "COL"]
[EventCategory "12"]
[Source "lmi"]
[SourceDate "2010.07.10"]

1. e4 e5 2. Nf3 Nc6 3. Bb5 a6 4. Ba4 Nf6 5. O-O Be7 6. Re1 b5 7. Bb3 d6 8. a4
b4 9. d3 O-O 10. Nbd2 Be6 11. Bc4 Qd7 12. h3 Na5 13. Bxe6 fxe6 14. d4 exd4 15.
e5 dxe5 16. Nxe5 Qd5 17. Ndf3 c5 18. Nd3 Bd6 19. Nfe5 Rae8 20. b3 c4 21. bxc4
Nxc4 22. Bf4 Nxe5 23. Bxe5 Nd7 24. Bxd6 Qxd6 25. Re4 Nf6 26. Re5 Nd7 27. Re4
Rf5 28. Qd2 Nf6 29. Re2 a5 30. Rae1 e5 31. g4 Rf3 32. Rxe5 Rxe5 33. Nxe5 Rxh3
34. f3 Nd5 35. Qxd4 Rxf3 36. Rd1 Rg3+ 37. Kf2 Rc3 38. Qxd5+ Qxd5 39. Rxd5 Rxc2+
40. Ke3 h6 41. Rxa5 b3 42. Rb5 Ra2 43. a5 b2 44. Nc4 1-0

[Event "Magistral Bicentenario Independencia"]
[Site "Bogota COL"]
[Date "2010.07.16"]
[Round "7.5"]
[White "Cordova, Emilio"]
[Black "Romero Holmes, Alfonso"]
[Result "1-0"]
[WhiteElo "2560"]
[BlackElo "2518"]
[PlyCount "75"]
[EventDate "2010.07.10"]
[EventType "tourn"]
[EventRounds "11"]
[EventCountry "COL"]
[EventCategory "12"]
[Source "lmi"]
[SourceDate "2010.07.10"]

1. d4 e6 2. Nf3 c5 3. e3 Nf6 4. Bd3 Nc6 5. O-O d5 6. b3 Be7 7. Bb2 cxd4 8. exd4
O-O 9. Nbd2 Nb4 10. Be2 Qc7 11. c4 b6 12. a3 Nc6 13. Rc1 dxc4 14. bxc4 Bb7 15.
d5 Nd8 16. Nd4 exd5 17. Re1 Bc5 18. N2b3 Ne6 19. Nb5 Qd8 20. Bf3 Ne4 21. Nxc5
N4xc5 22. Bxd5 Bxd5 23. cxd5 Nc7 24. Qg4 f6 25. Nd4 Kh8 26. Rcd1 Qxd5 27. Nf5
Qg8 28. h4 Rf7 29. h5 Qf8 30. h6 g6 31. Nd6 Re7 32. Rxe7 Qxe7 33. Nc8 Qf8 34.
Rd6 Kg8 35. Rxf6 Qxc8 36. Rxg6+ hxg6 37. Qxg6+ Kf8 38. Qg7+ 1-0

[Event "Magistral Bicentenario Independencia"]
[Site "Bogota COL"]
[Date "2010.07.17"]
[Round "8.1"]
[White "Vescovi, Giovanni"]
[Black "Cordova, Emilio"]
[Result "1/2-1/2"]
[WhiteElo "2632"]
[BlackElo "2560"]
[PlyCount "72"]
[EventDate "2010.07.10"]
[EventType "tourn"]
[EventRounds "11"]
[EventCountry "COL"]
[EventCategory "12"]
[Source "lmi"]
[SourceDate "2010.07.10"]

1. e4 e6 2. d4 d5 3. Nc3 Nf6 4. e5 Nfd7 5. f4 c5 6. Nf3 Nc6 7. Be3 Be7 8. Qd2
O-O 9. Be2 a6 10. O-O b5 11. a3 Bb7 12. Nd1 cxd4 13. Nxd4 Qc7 14. Nf2 Rac8 15.
c3 Nc5 16. Rad1 Nxd4 17. Bxd4 Nb3 18. Qe3 Nxd4 19. cxd4 Qb6 20. Bd3 Rc4 21.
Bxc4 dxc4 22. Ng4 h5 23. f5 exf5 24. Nf6+ Bxf6 25. exf6 Qxf6 26. d5 Rd8 27. Qd4
Qxd4+ 28. Rxd4 g6 29. Re1 Kf8 30. Re5 Rd6 31. Kf2 Kg7 32. Re7 Ba8 33. Re8 Bb7
34. Re7 Ba8 35. Re8 Bb7 36. Re5 Kf8 1/2-1/2

[Event "Magistral Bicentenario Independencia"]
[Site "Bogota COL"]
[Date "2010.07.17"]
[Round "8.3"]
[White "Bachmann, Axel"]
[Black "Escobar Forero, Alder"]
[Result "1-0"]
[WhiteElo "2552"]
[BlackElo "2474"]
[PlyCount "101"]
[EventDate "2010.07.10"]
[EventType "tourn"]
[EventRounds "11"]
[EventCountry "COL"]
[EventCategory "12"]
[Source "lmi"]
[SourceDate "2010.07.10"]

1. e4 c5 2. Nf3 Nc6 3. Bb5 d6 4. d4 cxd4 5. Qxd4 Bd7 6. Bxc6 Bxc6 7. Nc3 h6 8.
Be3 e5 9. Qc4 Nf6 10. O-O-O Qc8 11. Qd3 Be7 12. Nh4 Nxe4 13. Nxe4 d5 14. Ng3
Bxh4 15. Nf5 Be7 16. Nxg7+ Kd8 17. f4 exf4 18. Bxf4 Qg4 19. Qd4 Kd7 20. h3
Qxf4+ 21. Qxf4 Bg5 22. Qxg5 hxg5 23. Rhf1 Kd6 24. Rxf7 Raf8 25. Nf5+ Kc5 26.
Rxf8 Rxf8 27. Nd4 Rf2 28. g4 Bd7 29. Rd3 Rh2 30. a3 b6 31. b4+ Kd6 32. Kb2 Rh1
33. Re3 a6 34. Kc3 Ra1 35. Kd2 Rh1 36. Kc3 Ra1 37. Kd2 Rh1 38. Nf5+ Bxf5 39.
gxf5 Rf1 40. Re6+ Kc7 41. f6 Rf4 42. Ke3 Rh4 43. Kf3 Rc4 44. Kg3 Rf4 45. c3 Kb7
46. a4 Kc7 47. a5 bxa5 48. bxa5 Kb7 49. Rd6 Ka7 50. Rd7+ Kb8 51. f7 1-0

[Event "Magistral Bicentenario Independencia"]
[Site "Bogota COL"]
[Date "2010.07.17"]
[Round "8.4"]
[White "Becerra Rivero, Julio"]
[Black "Flores, Diego"]
[Result "0-1"]
[WhiteElo "2557"]
[BlackElo "2584"]
[PlyCount "78"]
[EventDate "2010.07.10"]
[EventType "tourn"]
[EventRounds "11"]
[EventCountry "COL"]
[EventCategory "12"]
[Source "lmi"]
[SourceDate "2010.07.10"]

1. e4 c5 2. Nf3 e6 3. d4 cxd4 4. Nxd4 a6 5. Nc3 Qc7 6. Bd3 Nf6 7. O-O Bc5 8.
Be3 d6 9. Re1 e5 10. Nb3 Bxe3 11. Rxe3 Be6 12. Qd2 Nc6 13. Rd1 O-O-O 14. Bxa6
d5 15. Nxd5 Bxd5 16. exd5 Nxd5 17. Rd3 Nf4 18. Bb5 Nxd3 19. cxd3 Kb8 20. Rc1
Rd6 21. Qe3 f6 22. a4 Rc8 23. h3 Qd8 24. Nc5 Nd4 25. Kh1 Ka7 26. Kh2 b6 27. Na6
Rxc1 28. Qxc1 Qe7 29. Qc8 Rd8 30. Qc4 Qb7 31. Nb4 Rc8 32. Qa2 Rc5 33. Bc4 e4
34. b3 Qc7+ 35. Kg1 Qf4 36. Nd5 Rxd5 37. Bxd5 exd3 38. Qa3 Qe5 39. a5 Qxd5 0-1

[Event "Magistral Bicentenario Independencia"]
[Site "Bogota COL"]
[Date "2010.07.17"]
[Round "8.5"]
[White "Zambrana, Oswaldo"]
[Black "Barrientos, Sergio E"]
[Result "1-0"]
[WhiteElo "2515"]
[BlackElo "2477"]
[PlyCount "99"]
[EventDate "2010.07.10"]
[EventType "tourn"]
[EventRounds "11"]
[EventCountry "COL"]
[EventCategory "12"]
[Source "lmi"]
[SourceDate "2010.07.10"]

1. e4 c5 2. Nf3 e6 3. d4 cxd4 4. Nxd4 a6 5. c4 Nf6 6. Nc3 Qc7 7. a3 b6 8. Be3
Bb7 9. f3 d6 10. Rc1 Nbd7 11. Be2 Be7 12. O-O O-O 13. Kh1 Rac8 14. Qd2 Qb8 15.
b4 Bd8 16. Bg1 Bc7 17. Rc2 Rfe8 18. Rb1 h5 19. Nd1 Qa8 20. Nf2 Ne5 21. a4 Red8
22. Qg5 Bb8 23. Rbc1 a5 24. Rb2 d5 25. exd5 exd5 26. Nd3 Ng6 27. c5 axb4 28.
cxb6 Qxa4 29. Rxb4 Qe8 30. Re1 Qf8 31. Rbb1 h4 32. Bf1 Re8 33. Nf5 h3 34. Bd4
hxg2+ 35. Bxg2 Rxe1+ 36. Rxe1 Ba6 37. Bf1 Bxd3 38. Bxd3 Qa3 39. Nh6+ Kh7 40.
Qf5 Rc1 41. Nxf7 Rxe1+ 42. Kg2 Re2+ 43. Bxe2 Qe7 44. Ng5+ Kh6 45. Kf2 Nf4 46.
Bf1 Bd6 47. h4 Qe8 48. Be3 Qh5 49. Bxf4 Qxh4+ 50. Ke2 1-0

[Event "Magistral Bicentenario Independencia"]
[Site "Bogota COL"]
[Date "2010.07.18"]
[Round "9.1"]
[White "Flores, Diego"]
[Black "Zambrana, Oswaldo"]
[Result "1-0"]
[WhiteElo "2584"]
[BlackElo "2515"]
[PlyCount "113"]
[EventDate "2010.07.10"]
[EventType "tourn"]
[EventRounds "11"]
[EventCountry "COL"]
[EventCategory "12"]
[Source "lmi"]
[SourceDate "2010.07.10"]

1. c4 Nf6 2. Nc3 g6 3. e4 d6 4. d4 Bg7 5. Nf3 O-O 6. Be2 e5 7. O-O exd4 8. Nxd4
Nc6 9. Be3 Re8 10. f3 Nd7 11. Qd2 Nde5 12. Rad1 a6 13. Nd5 Nxd4 14. Bxd4 Be6
15. f4 Bxd5 16. cxd5 Nd7 17. Bxg7 Kxg7 18. Bf3 a5 19. Rc1 f6 20. Rfe1 Nc5 21.
e5 b6 22. e6 f5 23. b3 Qf6 24. Re3 Ra7 25. Rce1 Re7 26. h3 h5 27. Kh2 Ra8 28.
a3 a4 29. b4 Nb3 30. Qc3 Qxc3 31. Rxc3 Kf6 32. Rd1 h4 33. Be2 Ra7 34. Bb5 Rg7
35. g3 hxg3+ 36. Rxg3 Rh7 37. Bc6 Rh4 38. Rdg1 Rh6 39. Rd3 Rh4 40. Kg3 Rh6 41.
h4 Ra6 42. Rh1 Ke7 43. Kf2 Ra7 44. Rdd1 Ra6 45. Ke3 b5 46. Bxb5 Ra8 47. Bc6
Rah8 48. Bxa4 Rxh4 49. Rxh4 Rxh4 50. Kd3 Nc5+ 51. bxc5 Rxf4 52. cxd6+ Kxd6 53.
Bc6 Rf3+ 54. Kc4 g5 55. Re1 Ke7 56. Rh1 Rf4+ 57. Kd3 1-0

[Event "Magistral Bicentenario Independencia"]
[Site "Bogota COL"]
[Date "2010.07.18"]
[Round "9.2"]
[White "Escobar Forero, Alder"]
[Black "Becerra Rivero, Julio"]
[Result "0-1"]
[WhiteElo "2474"]
[BlackElo "2557"]
[PlyCount "102"]
[EventDate "2010.07.10"]
[EventType "tourn"]
[EventRounds "11"]
[EventCountry "COL"]
[EventCategory "12"]
[Source "lmi"]
[SourceDate "2010.07.10"]

1. e4 d5 2. exd5 Qxd5 3. Nc3 Qa5 4. Bc4 c6 5. Nf3 Nf6 6. d4 Bf5 7. Bd2 e6 8.
Qe2 Bb4 9. O-O O-O 10. a3 Bxc3 11. Bxc3 Qc7 12. Ne5 Nbd7 13. f4 b5 14. Ba2 Be4
15. Bb4 Rfe8 16. c4 a5 17. Be1 bxc4 18. Bxc4 Bd5 19. Bd3 Qb6 20. Bc3 Nf8 21.
Rae1 Qa7 22. Kh1 N6d7 23. Qh5 f5 24. Re3 Nf6 25. Qe2 Ng6 26. Nc4 Qc7 27. Ne5
Qa7 28. Bc2 Qa6 29. Bd3 Qa7 30. Kg1 Rac8 31. Nc4 Ng4 32. Rg3 c5 33. Nd6 cxd4
34. Nb5 Qb8 35. Bd2 Qb6 36. Qe1 Bc4 37. a4 Bxd3 38. Rxd3 Rc2 39. Bxa5 Qc6 40.
Rd2 d3 41. Bc3 e5 42. fxe5 N6xe5 43. Nd4 Qh6 44. Qg3 Rxc3 45. Nxf5 Qxd2 46.
bxc3 g6 47. Nd6 Rf8 48. Re1 Qxc3 49. h3 Qd4+ 50. Kh1 d2 51. Qb3+ Kh8 0-1

[Event "Magistral Bicentenario Independencia"]
[Site "Bogota COL"]
[Date "2010.07.18"]
[Round "9.3"]
[White "Arenas, David"]
[Black "Bachmann, Axel"]
[Result "1/2-1/2"]
[WhiteElo "2364"]
[BlackElo "2552"]
[PlyCount "70"]
[EventDate "2010.07.10"]
[EventType "tourn"]
[EventRounds "11"]
[EventCountry "COL"]
[EventCategory "12"]
[Source "lmi"]
[SourceDate "2010.07.10"]

1. e4 g6 2. d4 Bg7 3. Nc3 d6 4. Nf3 Nf6 5. Be2 O-O 6. O-O c6 7. h3 Qc7 8. Bf4
Nbd7 9. e5 dxe5 10. Nxe5 Nxe5 11. Bxe5 Qa5 12. Bf3 Rd8 13. Qe2 Be6 14. a3 Nd5
15. Bxd5 cxd5 16. Bxg7 Kxg7 17. Nd1 Qc7 18. Ne3 Qf4 19. Rad1 h5 20. Qb5 Rd7 21.
c4 dxc4 22. d5 Bf5 23. Rd4 Qxd4 24. Nxf5+ gxf5 25. Qxd7 Qe5 26. Rc1 Qxb2 27.
Rxc4 b5 28. Rb4 Qa1+ 29. Kh2 a5 30. Rf4 Qe5 31. g3 b4 32. Rxf5 Rd8 33. Rxe5
Rxd7 34. d6 Rxd6 35. Rxa5 bxa3 1/2-1/2

[Event "Magistral Bicentenario Independencia"]
[Site "Bogota COL"]
[Date "2010.07.18"]
[Round "9.5"]
[White "Romero Holmes, Alfonso"]
[Black "Vescovi, Giovanni"]
[Result "0-1"]
[WhiteElo "2518"]
[BlackElo "2632"]
[PlyCount "80"]
[EventDate "2010.07.10"]
[EventType "tourn"]
[EventRounds "11"]
[EventCountry "COL"]
[EventCategory "12"]
[Source "lmi"]
[SourceDate "2010.07.10"]

1. d4 d5 2. c4 e6 3. g3 dxc4 4. Bg2 Nd7 5. Nf3 a6 6. a4 Rb8 7. a5 Bd6 8. Nbd2
b5 9. axb6 Nxb6 10. O-O Bd7 11. Rxa6 Ne7 12. Qc2 Ned5 13. Ra5 Nb4 14. Qb1 Nc6
15. Rh5 f5 16. e4 O-O 17. d5 Be8 18. Rxh7 Kxh7 19. dxc6 Bxc6 20. Nd4 Bd7 21.
N2f3 Kg8 22. Bg5 Qe8 23. exf5 exf5 24. Re1 Qg6 25. Be7 Bxe7 26. Rxe7 Qf6 27.
Re5 Rbe8 28. Ra5 Re4 29. Nb5 Bc6 30. Nc3 Re7 31. h4 Qd6 32. Rxf5 Qd3 33. Rxf8+
Kxf8 34. Qf1 Bxf3 35. Qxd3 cxd3 36. Bxf3 Re1+ 37. Kg2 d2 38. b3 Rc1 39. Nd1 Nd5
40. h5 Nc3 0-1

[Event "Magistral Bicentenario Independencia"]
[Site "Bogota COL"]
[Date "2010.07.19"]
[Round "10.2"]
[White "Bachmann, Axel"]
[Black "Cordova, Emilio"]
[Result "1/2-1/2"]
[WhiteElo "2552"]
[BlackElo "2560"]
[PlyCount "48"]
[EventDate "2010.07.10"]
[EventType "tourn"]
[EventRounds "11"]
[EventCountry "COL"]
[EventCategory "12"]
[Source "lmi"]
[SourceDate "2010.07.10"]

1. e4 c5 2. Nf3 Nc6 3. d4 cxd4 4. Nxd4 Nf6 5. Nc3 e5 6. Ndb5 d6 7. Bg5 a6 8.
Na3 b5 9. Bxf6 gxf6 10. Nd5 f5 11. c3 Bg7 12. exf5 Bxf5 13. Nc2 O-O 14. Nce3
Be6 15. Bd3 f5 16. Bc2 f4 17. Qh5 Rf7 18. Bxh7+ Kf8 19. Bf5 Qe8 20. Bxe6 Qxe6
21. Qg4 Qh6 22. Nf5 Qe6 23. Nfe3 Qh6 24. Nf5 Qe6 1/2-1/2

[Event "Magistral Bicentenario Independencia"]
[Site "Bogota COL"]
[Date "2010.07.19"]
[Round "10.3"]
[White "Becerra Rivero, Julio"]
[Black "Arenas, David"]
[Result "1/2-1/2"]
[WhiteElo "2557"]
[BlackElo "2364"]
[PlyCount "79"]
[EventDate "2010.07.10"]
[EventType "tourn"]
[EventRounds "11"]
[EventCountry "COL"]
[EventCategory "12"]
[Source "lmi"]
[SourceDate "2010.07.10"]

1. e4 c5 2. Nf3 d6 3. c3 Nf6 4. Be2 Nbd7 5. d3 b6 6. Nbd2 Bb7 7. O-O g6 8. Re1
Bg7 9. Bf1 O-O 10. d4 cxd4 11. cxd4 Rc8 12. Bd3 e5 13. d5 Nc5 14. Bf1 Qc7 15.
Rb1 Qd7 16. b3 Rc7 17. Bb2 Rfc8 18. a4 Bh6 19. Bb5 Qe7 20. Qe2 Nh5 21. b4 Nd7
22. g3 Ng7 23. Ba6 Bxa6 24. Qxa6 f5 25. Rbc1 Qf8 26. Rxc7 Rxc7 27. Qd3 Nf6 28.
h4 Qc8 29. Ng5 Rc2 30. Ba1 Rc1 31. Qf1 Rxe1 32. Qxe1 Bxg5 33. hxg5 Nxe4 34. f4
Nxg3 35. fxe5 f4 36. Nf1 N7f5 37. e6 Qc2 38. e7 Ne2+ 39. Kf2 Neg3+ 40. Kg1
1/2-1/2

[Event "Magistral Bicentenario Independencia"]
[Site "Bogota COL"]
[Date "2010.07.19"]
[Round "10.4"]
[White "Zambrana, Oswaldo"]
[Black "Escobar Forero, Alder"]
[Result "1-0"]
[WhiteElo "2515"]
[BlackElo "2474"]
[PlyCount "77"]
[EventDate "2010.07.10"]
[EventType "tourn"]
[EventRounds "11"]
[EventCountry "COL"]
[EventCategory "12"]
[Source "lmi"]
[SourceDate "2010.07.10"]

1. e4 c5 2. Nf3 Nc6 3. d4 cxd4 4. Nxd4 e5 5. Nb5 d6 6. N1c3 a6 7. Na3 Be7 8.
Nc4 b5 9. Ne3 Nf6 10. g3 h5 11. Bg2 h4 12. O-O hxg3 13. hxg3 Nd4 14. Ncd5 Nxd5
15. Nxd5 Be6 16. c3 Nc6 17. a4 Rb8 18. axb5 axb5 19. Qe2 Qd7 20. Rd1 Bd8 21.
Be3 Ne7 22. Nb4 Bc4 23. Qd2 Nc8 24. Qe1 Qg4 25. f3 Qh5 26. Kf2 Bh4 27. Qh1
Bxg3+ 28. Kxg3 Qg6+ 29. Kf2 Rxh1 30. Rxh1 f5 31. Rh8+ Kf7 32. exf5 Qf6 33. Bh3
d5 34. Ra6 Nd6 35. Ra7+ Rb7 36. Raa8 Ke7 37. Bc5 Kd7 38. Raf8 Qg5 39. Rf7+ 1-0

[Event "Magistral Bicentenario Independencia"]
[Site "Bogota COL"]
[Date "2010.07.19"]
[Round "10.5"]
[White "Barrientos, Sergio E"]
[Black "Flores, Diego"]
[Result "1/2-1/2"]
[WhiteElo "2477"]
[BlackElo "2584"]
[PlyCount "84"]
[EventDate "2010.07.10"]
[EventType "tourn"]
[EventRounds "11"]
[EventCountry "COL"]
[EventCategory "12"]
[Source "lmi"]
[SourceDate "2010.07.10"]

1. e4 e5 2. Nf3 Nc6 3. Bb5 a6 4. Ba4 Nf6 5. O-O Be7 6. Re1 b5 7. Bb3 d6 8. c3
O-O 9. d4 Bg4 10. Be3 exd4 11. cxd4 Na5 12. Bc2 c5 13. dxc5 dxc5 14. Nbd2 Qc7
15. Qb1 Nc6 16. a3 h6 17. h3 Be6 18. Nf1 Rfe8 19. e5 Nd7 20. Bf4 c4 21. Qc1 Bf8
22. Ng3 Nc5 23. Nh5 Bd5 24. Bxh6 Re6 25. Bxg7 Bxg7 26. Qg5 Rg6 27. Bxg6 fxg6
28. Qxg6 Qf7 29. Qg4 Bxf3 30. gxf3 Nd3 31. f4 Kh7 32. Kh2 Nxe1 33. Rxe1 Nxe5
34. fxe5 Qxf2+ 35. Qg2 Qxg2+ 36. Kxg2 Bh8 37. Kf3 Re8 38. Kf4 Kg6 39. Ng3 Rf8+
40. Kg4 Re8 41. Kf4 Rf8+ 42. Kg4 Re8 1/2-1/2

[Event "Magistral Bicentenario Independencia"]
[Site "Bogota COL"]
[Date "2010.07.20"]
[Round "11.1"]
[White "Escobar Forero, Alder"]
[Black "Barrientos, Sergio E"]
[Result "1/2-1/2"]
[WhiteElo "2474"]
[BlackElo "2477"]
[PlyCount "30"]
[EventDate "2010.07.10"]
[EventType "tourn"]
[EventRounds "11"]
[EventCountry "COL"]
[EventCategory "12"]
[Source "lmi"]
[SourceDate "2010.07.10"]

1. Nf3 e6 2. c4 b6 3. g3 Bb7 4. Bg2 Nf6 5. O-O Be7 6. Nc3 O-O 7. d4 Ne4 8. Nxe4
Bxe4 9. b3 f5 10. Bb2 d6 11. Ne1 Bxg2 12. Nxg2 Bf6 13. Nf4 Qe8 14. Qd2 Bg5 15.
e3 Bxf4 1/2-1/2

[Event "Magistral Bicentenario Independencia"]
[Site "Bogota COL"]
[Date "2010.07.20"]
[Round "11.2"]
[White "Arenas, David"]
[Black "Zambrana, Oswaldo"]
[Result "1-0"]
[WhiteElo "2364"]
[BlackElo "2515"]
[PlyCount "115"]
[EventDate "2010.07.10"]
[EventType "tourn"]
[EventRounds "11"]
[EventCountry "COL"]
[EventCategory "12"]
[Source "lmi"]
[SourceDate "2010.07.10"]

1. e4 c5 2. Nf3 Nc6 3. d4 cxd4 4. c3 d5 5. exd5 Qxd5 6. cxd4 e5 7. Nc3 Bb4 8.
Bd2 Bxc3 9. Bxc3 e4 10. Ne5 Nxe5 11. dxe5 Ne7 12. Qa4+ Bd7 13. Qb4 a5 14. Qd6
Bc6 15. Be2 h5 16. Rd1 Qxa2 17. O-O Qe6 18. Qc5 Rc8 19. Bc4 Bd5 20. Bb5+ Kf8
21. Qd4 Kg8 22. Bd7 Qg6 23. Bxc8 e3 24. Qxd5 Nxd5 25. Rxd5 Qc6 26. Rd8+ Kh7 27.
Bf5+ g6 28. Rxh8+ Kxh8 29. Bd3 Kg8 30. fxe3 b5 31. Rf6 Qd5 32. Bd4 Qb3 33. Be4
a4 34. e6 fxe6 35. Bxg6 b4 36. Bf7+ Kh7 37. Bxe6 Qd1+ 38. Rf1 Qd2 39. h3 a3 40.
bxa3 bxa3 41. Bf7 h4 42. Kh2 a2 43. Ra1 Qc2 44. Bxa2 Kh6 45. Bd5 Qc7+ 46. Kg1
Qc2 47. Be5 Kg6 48. Bf4 Kf5 49. Bf3 Qc3 50. Rd1 Kf6 51. Rd6+ Ke7 52. Kh2 Qb4
53. Rh6 Qe1 54. Bg5+ Kf7 55. Rxh4 Kg6 56. Rg4 Kh5 57. Rg3+ Kg6 58. Bh4+ 1-0

[Event "Magistral Bicentenario Independencia"]
[Site "Bogota COL"]
[Date "2010.07.20"]
[Round "11.3"]
[White "Cordova, Emilio"]
[Black "Becerra Rivero, Julio"]
[Result "0-1"]
[WhiteElo "2560"]
[BlackElo "2557"]
[PlyCount "124"]
[EventDate "2010.07.10"]
[EventType "tourn"]
[EventRounds "11"]
[EventCountry "COL"]
[EventCategory "12"]
[Source "lmi"]
[SourceDate "2010.07.10"]

1. d4 Nf6 2. Nf3 g6 3. g3 Bg7 4. Bg2 O-O 5. O-O d6 6. c4 Nbd7 7. Nc3 e5 8. h3
c6 9. e4 exd4 10. Nxd4 Qa5 11. Re1 Ne5 12. Bf1 Re8 13. Be3 Be6 14. Nxe6 Rxe6
15. a3 Nxe4 16. Bd4 Ng5 17. Bxe5 Rxe5 18. Rxe5 dxe5 19. h4 Rd8 20. Qb3 Nf3+ 21.
Kg2 e4 22. Nxe4 Nd2 23. Nxd2 Rxd2 24. Rd1 Bd4 25. Rxd2 Qxd2 26. Qf3 Qxb2 27.
Be2 h5 28. a4 Kg7 29. Qe4 Bc5 30. g4 Qf6 31. Bf3 Qb2 32. Be2 Qf6 33. Bf3 hxg4
34. Qxg4 Qb2 35. Be2 Qf6 36. Bf3 Kh6 37. h5 g5 38. Qe4 Kg7 39. Qg4 a5 40. Qe4
Kh6 41. Kg3 Bd4 42. Kg2 Kg7 43. Kg3 b5 44. Qxc6 bxa4 45. Qxf6+ Kxf6 46. Bd1 a3
47. Bb3 Bc5 48. f4 Bd6 49. c5 gxf4+ 50. Kg4 Bc7 51. Kf3 Kg7 52. Ba2 f5 53. Ke2
Kh6 54. Bf7 Kg5 55. Kd3 Be5 56. Ke2 Bd4 57. c6 Bb6 58. Kf3 a4 59. Kg2 a2 60.
Bxa2 Kxh5 61. Kf3 Kg5 62. Ke2 Kg4 0-1

[Event "Magistral Bicentenario Independencia"]
[Site "Bogota COL"]
[Date "2010.07.20"]
[Round "11.4"]
[White "Romero Holmes, Alfonso"]
[Black "Bachmann, Axel"]
[Result "0-1"]
[WhiteElo "2518"]
[BlackElo "2552"]
[PlyCount "86"]
[EventDate "2010.07.10"]
[EventType "tourn"]
[EventRounds "11"]
[EventCountry "COL"]
[EventCategory "12"]
[Source "lmi"]
[SourceDate "2010.07.10"]

1. e4 g6 2. Nc3 Bg7 3. Bc4 d6 4. f4 Nf6 5. Nf3 O-O 6. Bb3 Nc6 7. d3 Na5 8. O-O
c5 9. Qe1 Nxb3 10. axb3 d5 11. e5 Ng4 12. h3 Nh6 13. d4 cxd4 14. Nxd4 Nf5 15.
Be3 a6 16. Rd1 Nxe3 17. Qxe3 e6 18. g4 f6 19. Nf3 Qc7 20. h4 Bd7 21. g5 fxe5
22. Nxe5 Rf5 23. Nxd7 Qxd7 24. Ne4 Qc6 25. Ng3 Rf7 26. c3 Raf8 27. Ne2 Qd6 28.
Kg2 Rf5 29. Nd4 Bxd4 30. Rxd4 R8f7 31. Qd2 Qf8 32. Qe2 Re7 33. Qd2 h6 34. Re1
hxg5 35. hxg5 Qf7 36. Rf1 Re8 37. c4 Rf8 38. Qd3 a5 39. Rf3 b6 40. Qd2 Rxg5+
41. Rg3 Rf5 42. Qe2 e5 43. Rxd5 exf4 0-1